Principios de organización y administración (Registro nro. 2643)

Detalles MARC
000 -LEADER
fixed length control field 01965 a2200193 4500
001 - CONTROL NUMBER
control field 36389
005 - DATE AND TIME OF LATEST TRANSACTION
control field 20260407155639.0
008 - FIXED-LENGTH DATA ELEMENTS--GENERAL INFORMATION
fixed length control field 260407a1968 arg spa d
003 - CONTROL NUMBER IDENTIFIER
control field AR-UNSa-BCEJYS
040 ## - CATALOGING SOURCE
Original cataloging agency AR-UNSa-BCEJYS
Language of cataloging spa
Transcribing agency AR-UNSa-BCEJYS
080 ## - UNIVERSAL DECIMAL CLASSIFICATION NUMBER
Universal Decimal Classification number 658.01
Common auxiliary subdivision Metodología. Teoría y práctica de la organización( teoria de la organización, análisis organizacional...)
100 1# - MAIN ENTRY--PERSONAL NAME
Personal name Albers, Henry H.
245 10 - TITLE STATEMENT
Title Principios de organización y administración
Name of part/section of a work teoría moderna de la administración
264 #1 - PRODUCTION, PUBLICATION, DISTRIBUTION, MANUFACTURE, AND COPYRIGHT NOTICE
Place of production, publication, distribution, manufacture México :
Name of producer, publisher, distributor, manufacturer Limusa-Wiley
Date of production, publication, distribution, manufacture, or copyright notice 1968
300 ## - PHYSICAL DESCRIPTION
Extent 751 p.
Dimensions 24 cm.
505 ## - FORMATTED CONTENTS NOTE
Formatted contents note I. El problema de la administración: Pasado y presente : 1. Perspectiva preliminar - 2. Hacia la administración científica - 3. El modelo resultante - 4. El proceso administrativo - II. Organización para la administración: 5. La estructura de la organización - 6. Departamentalización - 7. Relaciones funcionales"línea-staff" - 8. Centralización y descentralización - 9. Organización por comités - 10. Consejos de administración y otros comités - III. Organización administrativa: aspectos realcionados con la conducta: 11. Autoridad "status" y poder - 12. Dinámica de la organización - 13. De la organización al proceso - IV: Estrategias de planeación: 14. La funsión decisoria - 15. Factores ambientales - 16. Planeación dinámica I - 17. Planeación dinámica II - V: Comunicación y conrol : 18. Información y comunicación - 19. Medios de comunicación: Redacción de mensajes y recepción - 20. Planeación presupuestal y sistemas de control para contabilidad - 21. Sistemas especializados de información - VI: Dirección y motivación : 22. El problema de la motivación - 23. Dirección dinámica - 24. La responsabilidad de la administración - VII: Desarrollo ejecutivo:25. Cualidades y educación del ejecutivo - 26. Programas de empresa para desarrollo de ejecutivos.
590 ## - LOCAL NOTE (RLIN)
Local note niveau_biblio:m niveau_hierar:0
942 ## - ADDED ENTRY ELEMENTS (KOHA)
Koha item type
Existencias
Withdrawn status Lost status Damaged status Not for loan Home library Current library Shelving location Date acquired Total checkouts Full call number Barcode Date last seen Price effective from Koha item type
        Biblioteca Prof. Eusebio Cleto del Rey Biblioteca Prof. Eusebio Cleto del Rey   07/04/2026   658.01 A329 L12452 07/04/2026 07/04/2026 Libro
        Biblioteca Prof. Eusebio Cleto del Rey Biblioteca Prof. Eusebio Cleto del Rey   07/04/2026   658.01 A329 L12451 07/04/2026 07/04/2026 Libro